01391nac a22003857a 4500001001300000003000900013005001700022008003400039040005400073072000800127090002200135100002500157100001600182100002000198100001700218100002200235100002400257110004600281245014300327260003800470300001000508490009500518500003200613650001900645650001200664650001500676650002300691650002600714650001800740650001200758909004700770942001700817999001900834952015200853BR2010002526BR-BrBNA20240105123845.0230509b bl.|||m| |||| 00| 0 por d aBR-BrBNAbporcBiblioteca Nacional de Agricultura aE10 a5212 BR20100025261 aMagnabosco, C. de U.1 aMuniz, L.C.1 aFigueredo, R.S.1 aWander, A.E.1 aTrovo, J.B. de F.1 aMartha Junior, G.B.1 aEMBRAPA Cerrados, Planaltina, DF (Brasil)1 aAvaliação econômico-financeira e análise de risco em sistema de integração lavoura e pecuária conduzida no estado de Goiás3 aPlanaltina, DF (Brasil): c2009.  a32 p. aBoletim de Pesquisa e Desenvolvimento - EMBRAPA Cerrados (Brazil)vno. 261xISSN 1676-918X aSummaries (En, Pt); 12 ref. aINTEGRAÇÃO aLAVOURA aPECUÁRIA aANÁLISE DE RISCO aANÁLISE ECONÔMICA aAGRONEGÓCIO aCERRADO a202312bLúcia Elandec55dLúcia Elande 2AGRISn0cMS c297284d297284 002AGRIS40708Acervo Gerala41918b41918cAGROBASEl0o5212 BR2010002526p5212 BR2010002526r2023-12-18yMSePortaria Interministerial nº 164/94